000 00427cam a22001697a 4500
001 2803779
005 20240205235947.0
008 820519s1981 ce 000 0 eng
040 _aDLC
_cDLC
_dDLC
082 _222
_a306
_bWEE.
100 1 _aWeerasinghe, R. M.
245 1 0 _aAliens to the sermon /
_cby R.M. Weerasinghe.
250 _a1st ed.
260 _aColombo :
_bGunasena,
_c1981.
300 _axvii, 229 p. ;
942 _cL
999 _c289
_d289